000 00906nam a2200217 a 4500
001 000029120
005 20200930055338.0
008 110413s2004 dr 000 0 spa d
040 _aDO-SdBNP
_bspa
_cBNPHU
245 0 0 _aConocimientos, actitudes, prácticas y barreras para la alimentación exclusiva con fórmulas infantiles de hijos madres positivas al VIH /
_cEditor Isabel Zuñiga, Eddy Pérez Then.
260 _aSanto Domingo :
_bCENISMI,
_c2004.
300 _a12 p. ; : ;
_c28 cm.
490 1 _aSerie de publicaciones técnicas
_v4
500 _aIncluye referencias bibliográficas y notas al pie de las páginas
504 _aBibliografía : p. 22
700 1 _aZuñiga, Isabel
_eed.
_956027
700 1 _aPérez Then, Eddy
_eed.
_956028
710 2 _aCentro Nacional de Investigaciones en Salud Materno Infantil
_955757
830 0 _aSerie de publicaciones técnicas
_n4
_956029
049 _aBNPD
999 _c28612
_d28612